000 00432nam a2200193Ia 4500
999 _c63820
_d63820
003 0100
005 20170529085258.0
008 130303s9999 xx 000 0 und d
040 _cARRUPELIB
050 _aDT434.E2H8 1953
100 _aHuxley, Elspeth
_930610
245 _aWhite man's country
250 _aRevised ed.
260 _bChatto and Windus
_aLondon
_c1953
300 _avii
300 _b 333p. 22cm.
650 _aDelamere, Hugh Cholmondeley, Baron
_xFrontier and pioneer life
_931132
650 _aKenya
_xPolitics
_923120
650 _aGreat Britain
_xColonies
_zAfrica
_930396
942 _2lcc
_04
_cMONOGRAPH